| 000 | 00835nam a2200241 i 4500 | ||
|---|---|---|---|
| 001 | IT\ICCU\CFI\1028690 | ||
| 003 | ItRI | ||
| 005 | 20260115232030.0 | ||
| 008 | 201106s2020 it |||||| ||||| |||||c | ||
| 015 |
_2IT _a2020-8406 |
||
| 020 | _a9788804729112 | ||
| 040 |
_bita _cimportazione bologna sebina |
||
| 041 | 7 |
_aita _2ISO-639-2 |
|
| 082 |
_a303.385 _9PROCESSI SOCIALI. PREGIUDIZIO _223 |
||
| 100 | 1 |
_aVecchioni, Francesca _0IT\ICCU\UBOV\414546 _4aut |
|
| 240 | 1 | 0 |
_aPregiudizi inconsapevoli _3IT\ICCU\CFI\1028691 _9Vecchioni, Francesca |
| 245 | 1 | 0 |
_aPregiudizi inconsapevoli : _bperché i luoghi comuni sono sempre così affollati / _cFrancesca Vecchioni. |
| 260 |
_aMilano : _bMondadori, _c2020 |
||
| 300 |
_a147 p. : _bill. ; _c23 cm |
||
| 650 | 7 | _aPregiudizi | |
| 830 | 0 |
_aSentieri _0IT\ICCU\MIL\0951672 |
|
| 942 |
_2ddc _cBK _n0 |
||
| 999 |
_c16259 _d16259 |
||